| 000 | 00647nam a2200205Ia 4500 | ||
|---|---|---|---|
| 003 | OSt | ||
| 005 | 20250208120300.0 | ||
| 008 | 210210b1998 xxu||||| |||| 00| 0 eng d | ||
| 040 | _cAL | ||
| 041 | _aKannada | ||
| 082 | _aK894.9 KARD | ||
| 100 |
_aKARNATAKA SAHITYA AKADEMI _945800 _dಕರ್ನಾಟಕ ಸಾಹಿತ್ಯ ಅಕಾಡೆಮಿ |
||
| 245 |
_aDyagayi gundappa _b ದ್ಯಾಗಾಯಿ ಗುಂಡಪ್ಪ |
||
| 260 |
_aBengaluru _bKarnataka Sahitya Akademi _c1998 |
||
| 300 | _axii,48 | ||
| 650 |
_aMuttinahara Appasaba Biradara _945801 |
||
| 690 |
_aKannada Criticism _945802 |
||
| 906 | _a053476 | ||
| 942 |
_2ddc _cBK |
||
| 999 |
_c101406 _d101406 |
||